| 000 | 01144nam a2200289u 4500 | ||
|---|---|---|---|
| 001 | 29520 | ||
| 003 | BD-RjUL | ||
| 005 | 20211209051425.0 | ||
| 008 | 140403s1954 enk 000 0 eng d | ||
| 035 | _a(UkLU-K)000194015 | ||
| 035 | _a(BD-RjUL)29605 | ||
| 040 |
_aUkOxU _beng _cUkOxU _dBD-RjUL |
||
| 041 | _aeng | ||
| 082 |
_a942.57 _218 _bVIC V-3 1954 |
||
| 245 | 0 | 4 |
_aThe Victoria history of the county of Oxford / _nVOLUME THREE _pThe University of Oxford _cedited by Mary D Lobel; H E Salter |
| 260 |
_aLondon : _bOxford University Press for the University of London, Institute of Historical Research _c1954 |
||
| 300 |
_axix, 382 p. : _bill ; plans (some fold.) ; _c32 cm |
||
| 610 | 2 | 0 |
_aUniversity of Oxford _989986 |
| 651 | 0 |
_aOxfordshire (England) _xHistory _989974 |
|
| 700 | 1 |
_aLobel, M. D. _q(Mary Doreen), _d1900-1993. _989975 |
|
| 700 | 1 |
_aLobel, Mary D. _989976 |
|
| 700 | 1 |
_aSalter, H. E. _q(Herbert Edward), _d1863-1951 _989977 |
|
| 710 | 2 |
_aUniversity of London. _bInstitute of Historical Research _94277 |
|
| 740 | 2 | _aA history of Oxfordshire | |
| 830 | 0 |
_aVictoria history of the counties of England _989987 |
|
| 942 |
_2ddc _cBK |
||
| 999 |
_c29520 _d29520 |
||